Memoirs of lieut (Record no. 3462)

MARC details
000 -CABECERA
campo de control de longitud fija 00660nam a2200217 a 4500
001 - NÚMERO DE CONTROL
campo de control BRCA_3733
005 - FECHA Y HORA DE LA ÚLTIMA TRANSACCIÓN
campo de control 20190320204412.0
008 - DATOS DE LONGITUD FIJA--INFORMACIÓN GENERAL
campo de control de longitud fija 150909s1864----nyua---###---#000-0#eng-#
041 ## - CÓDIGO DE LENGUA
Código de lengua del texto/banda sonora o título independiente eng
044 ## - CÓDIGO DEL PAÍS DE LA ENTIDAD EDITORA/PRODUCTORA
Código MARC del país nyu
050 #4 - SIGNATURA TOPOGRÁFICA DE LA BIBLIOTECA DEL CONGRESO
Número de clasificación E405.1
Número de documento/Ítem .S36 1864
100 1# - ENTRADA PRINCIPAL--NOMBRE DE PERSONA
Nombre de persona Scott, Winfield
Fechas asociadas al nombre 1786-1866
9 (RLIN) 9713
245 10 - MENCIÓN DE TÍTULO
Título Memoirs of lieut
Resto del título General Scott, LL. D.
Mención de responsabilidad, etc. Written by Himsel.
260 ## - PUBLICACIÓN, DISTRIBUCIÓN, ETC.
Lugar de publicación, distribución, etc. New York
Nombre del editor, distribuidor, etc. Sheldon
Fecha de publicación, distribución, etc. 1864
300 ## - DESCRIPCIÓN FÍSICA
Extensión 2 v.
Otras características físicas il., retratos
Dimensiones 20 cm.
500 ## - NOTA GENERAL
Nota general B357
651 #4 - PUNTO DE ACCESO ADICIONAL DE MATERIA--NOMBRE GEOGRÁFICO
Nombre geográfico México
Subdivisión general Historia
Subdivisión cronológica Guerra con Estados Unidos, 1845-1848
9 (RLIN) 9714
651 #4 - PUNTO DE ACCESO ADICIONAL DE MATERIA--NOMBRE GEOGRÁFICO
Nombre geográfico Estados Unidos
Subdivisión general Historia
Subdivisión cronológica Guerra con México, 1845-1848
9 (RLIN) 9715
902 ## - CATALOGADOR
Iniciales GFM
942 ## - ELEMENTOS DE PUNTO DE ACCESO ADICIONAL (KOHA)
Fuente del sistema de clasificación o colocación Library of Congress Classification
Tipo de ítem Koha Libros
Holdings
Estado de retiro Estado de pérdida Estado dañado No para préstamo Localización permanente Ubicación/localización actual Fecha de adquisición Número de inventario Total de préstamos Signatura topográfica completa Código de barras Fecha visto por última vez Precio válido a partir de Tipo de ítem Koha
El ejemplar forma parte de la colección y puede ser consultado según las políticas vigentes.       Biblioteca del Museo Franz Mayer (Rogerio Casas-Alatriste) Biblioteca del Museo Franz Mayer (Rogerio Casas-Alatriste) 15/09/2009 B357   E405.1 .S36 1864 (B357) 3730 22/03/2019 22/03/2019 Libros